MyGZULibrary

Global woman : (Record no. 7840)

MARC details
000 -LEADER
fixed length control field 01591cam a22003974a 4500
001 - CONTROL NUMBER
control field 12791366
003 - CONTROL NUMBER IDENTIFIER
control field GZU
005 - DATE AND TIME OF LATEST TRANSACTION
control field 20210513085329.0
008 - FIXED-LENGTH DATA ELEMENTS--GENERAL INFORMATION
fixed length control field 020529s2003 nyu b 000 0 eng
010 ## - LIBRARY OF CONGRESS CONTROL NUMBER
LC control number 2002071912
020 ## - INTERNATIONAL STANDARD BOOK NUMBER
International Standard Book Number 080506995X (hc.)
040 ## - CATALOGING SOURCE
Original cataloging agency DLC
Transcribing agency DLC
Modifying agency DLC
042 ## - AUTHENTICATION CODE
Authentication code pcc
050 00 - LIBRARY OF CONGRESS CALL NUMBER
Classification number HQ1161 GLO 2003
Item number .G55 2003
082 00 - DEWEY DECIMAL CLASSIFICATION NUMBER
Classification number 331.4/8164046/08691
Edition number 21
245 00 - TITLE STATEMENT
Title Global woman :
Remainder of title nannies, maids, and sex workers in the new economy /
Statement of responsibility, etc. Barbara Ehrenreich and Arlie Russell Hochschild, editors.
250 ## - EDITION STATEMENT
Edition statement 1st ed.
260 ## - PUBLICATION, DISTRIBUTION, ETC.
Place of publication, distribution, etc. New York :
Name of publisher, distributor, etc. Metropolitan Books,
Date of publication, distribution, etc. 2003.
300 ## - PHYSICAL DESCRIPTION
Extent vi, 328 p. ;
Dimensions 25 cm.
500 ## - GENERAL NOTE
General note Includes bibliography
504 ## - BIBLIOGRAPHY, ETC. NOTE
Bibliography, etc. note Includes bibliographical references (p. 285-324).
650 #0 - SUBJECT ADDED ENTRY--TOPICAL TERM
Topical term or geographic name entry element Women household employees.
650 #0 - SUBJECT ADDED ENTRY--TOPICAL TERM
Topical term or geographic name entry element Women foreign workers.
650 #0 - SUBJECT ADDED ENTRY--TOPICAL TERM
Topical term or geographic name entry element Women
General subdivision Employment.
650 #0 - SUBJECT ADDED ENTRY--TOPICAL TERM
Topical term or geographic name entry element Minority women
General subdivision Employment.
650 #0 - SUBJECT ADDED ENTRY--TOPICAL TERM
Topical term or geographic name entry element Nannies.
650 #0 - SUBJECT ADDED ENTRY--TOPICAL TERM
Topical term or geographic name entry element Prostitution.
700 1# - ADDED ENTRY--PERSONAL NAME
Personal name Ehrenreich, Barbara.
700 1# - ADDED ENTRY--PERSONAL NAME
Personal name Hochschild, Arlie Russell,
Dates associated with a name 1940-
856 42 - ELECTRONIC LOCATION AND ACCESS
Materials specified Contributor biographical information
Uniform Resource Identifier <a href="http://www.loc.gov/catdir/bios/hol051/2002071912.html">http://www.loc.gov/catdir/bios/hol051/2002071912.html</a>
856 41 - ELECTRONIC LOCATION AND ACCESS
Materials specified Table of contents
Uniform Resource Identifier <a href="http://www.loc.gov/catdir/toc/hol031/2002071912.html">http://www.loc.gov/catdir/toc/hol031/2002071912.html</a>
856 42 - ELECTRONIC LOCATION AND ACCESS
Materials specified Publisher description
Uniform Resource Identifier <a href="http://www.loc.gov/catdir/description/hol021/2002071912.html">http://www.loc.gov/catdir/description/hol021/2002071912.html</a>
906 ## - LOCAL DATA ELEMENT F, LDF (RLIN)
a 7
b cbc
c orignew
d 1
e ocip
f 20
g y-gencatlg
942 ## - ADDED ENTRY ELEMENTS (KOHA)
Source of classification or shelving scheme Library of Congress Classification
Koha item type Books
Classification part 1161
Item part GLO
Call number prefix HQ
Holdings
Withdrawn status Lost status Damaged status Not for loan Collection code Home library Current library Shelving location Date acquired Total Checkouts Full call number Barcode Date last seen Copy number Price effective from Koha item type
        Non-fiction Gender Resource Centre Gender Resource Centre General Stacks 05/13/2021   HQ1161 GLO 2003 001535 05/13/2021 c.1 05/13/2021 Books
        Non-fiction Gender Resource Centre Gender Resource Centre General Stacks 05/13/2021   HQ1161 GLO 2003 001182 05/13/2021 c.2 05/13/2021 Books
        Non-fiction Gender Resource Centre Gender Resource Centre General Stacks 05/20/2021   HQ1161 GLO 2003 001181 05/20/2021 c.3 05/20/2021 Books